000 00498 a2200181 4500
999 _c7544
_d7544
020 _a9780855981488
050 _aHF 5605 CAM 1992
100 _aCammack, John
_eauthor
245 _aBasic accounting for small groups /
_cJohn Cammack
264 _aOxford:
_bOxfam,
_c1992
300 _a58p. :
440 _aOxfam skills and practice
500 _aAn Oxfam Publication
650 _aAccounting
650 _aNonprofit organizations
_xFinance
710 _aOxfam
942 _2lcc
_cBK
_h5605
_iCAM
_kHF